Missing Word: Texas Musical Acts Quiz Stats

 Plays Quiz Updated Jul 9, 2016

Challenge
Share
Tweet
Embed
Score 0/26 Timer 04:00
0 Plays Today
Artist and song Missing Word % Correct
Janis ____ - Mercedes BenzJoplin
95.8%
Willie ____ - On the Road AgainNelson
95.8%
Meat ____ - Bat Out of HellLoaf
95%
Roy Orbison - Oh, ____ WomanPretty
94.8%
Buddy ____ - That'll Be the DayHolly
93.7%
____ Top - LegsZZ
93%
Big Mama Thornton - Ball 'n' ____Chain
90.7%
The 13th Floor Elevators - You're ___ Miss MeGonna
90.4%
Kenny ____ - LadyRogers
86.7%
Steve ____ Band - AbracadabraMiller
86.1%
____ Child - Say My NameDestiny's
84.8%
Miranda Lambert - Over ___You
79.2%
Usher - DJ Got Us ____ in LoveFallin'
77.9%
Artist and song Missing Word % Correct
And You Will Know ___ by the Trail of Dead - Worlds ApartUs
75.6%
____ Joplin - Maple Leaf RagScott
58.2%
Edgar ____ Group - FrankensteinWinter
56.3%
Stevie Ray ____ - Pride and JoyVaughan
56.2%
Kelly Clarkson - Miss ____Independent
51.4%
Jerry Jeff Walker - Mr. ____Bojangles
31.3%
Steve ____ - Guitar TownEarle
30.8%
Freddie ____ - Hide AwayKing
24.4%
Selena - ____ ProhibidoAmor
20.3%
____ Van Zandt - Pancho & LeftyTownes
17.8%
____ Coleman - Free Jazz (part one)Ornette
14.8%
Sir Douglas ____ - She's About A MoverQuintet
14.8%
Beyoncé - ____XO
11.1%

Today's Daily Dose

You're not logged in!

Compare scores with friends on all Sporcle quizzes.
Join for Free
OR
Log In

You Might Also Like...

Show Comments

Extras

Top Quizzes Today


Score Distribution

Your Account Isn't Verified!

In order to create a playlist on Sporcle, you need to verify the email address you used during registration. Go to your Sporcle Settings to finish the process.

Report this User

Report this user for behavior that violates our Community Guidelines.

Details: